Score 0/30 Timer 05:00
2 Plays Today
Question Answer Wrong Answers
Toto, I've a feeling we're not in Kansas anymore. The Wizard of Oz
94.5%
The Princess Bride
0.3%
The Matrix
0.2%
To Kill a Mockingbird
0.5%
A census taker once tried to test me. I ate his liver with some fava beans and a nice Chianti. The Silence of the Lambs
92.9%
Julie and Julia
0.8%
Legends of the Fall
0.8%
Casablanca
0.8%
You're gonna need a bigger boat. Jaws
92.6%
Titanic
1.7%
Lifeboat
0.7%
Overboard
0.6%
I'm gonna make him an offer he can't refuse. The Godfather
91.6%
Serpico
0.8%
On the Waterfront
0.8%
Pulp Fiction
2.2%
May the Force be with you. Star Wars
91.5%
The Matrix
0.2%
Back to the Future
0.2%
Star Trek
3.8%
I'll have what she's having. When Harry Met Sally...
90.2%
You've Got Mail
2.1%
Tootsie
1.2%
Annie Hall
1.8%
You can't handle the truth! A Few Good Men
89.7%
The Matrix
2.3%
Tootsie
0.8%
The Godfather
2.7%
You talking to me? Taxi Driver
88.4%
The Miracle Worker
0.6%
Gone with the Wind
0.6%
Pulp Fiction
5.8%
If you build it, he will come. Field of Dreams
88.4%
Angels in the Outfield
3.3%
The Natural
1.8%
Bull Durham
1.8%
Show me the money! Jerry Maguire
87.6%
The Big Short
1.5%
Bonnie and Clyde
2.6%
Goodfellas
3.8%
Here's looking at you, kid. Casablanca
87.6%
The Big Sleep
2.9%
The Maltese Falcon
2.9%
Key Largo
1.9%
Frankly, my dear, I don't give a damn. Gone with the Wind
84.3%
The Searchers
0.5%
Rebecca
0.7%
Casablanca
10%
I love the smell of napalm in the morning. Apocalypse Now
82.5%
The Deer Hunter
2.8%
Platoon
9.2%
Coming Home
0.9%
Rosebud. Citizen Kane
81.3%
American Beauty
10.3%
There Will Be Blood
2.3%
The Godfather
1.4%
What we've got here is failure to communicate. Cool Hand Luke
72.5%
The Hustler
7.4%
The Color of Money
7.6%
The Sting
7.5%
All right, Mr. DeMille, I'm ready for my close-up. Sunset Boulevard
68%
Chicago
8%
Singin' in the Rain
7.7%
All About Eve
11.5%
Today, I consider myself the luckiest man on the face of the earth. The Pride of the Yankees
66.6%
Field of Dreams
10%
The Natural
9.3%
Bull Durham
9.1%
You don't understand! I coulda had class. I coulda been a contender. I could've been somebody, instead of a bum, which is what I am. On the Waterfront
63.9%
Rocky
19.5%
The Wrestler
6.1%
Taxi Driver
5.9%
They call me Mister Tibbs! In the Heat of the Night
63.3%
On the Waterfront
7.3%
Do the Right Thing
7.2%
To Sir, with Love
17.1%
I'm as mad as hell, and I'm not going to take this anymore! Network
62.4%
Die Hard
13.6%
The Matrix
2.2%
Do the Right Thing
16.9%
Love means never having to say you're sorry. Love Story
62.4%
Gone with the Wind
6.4%
Casablanca
7.1%
The Notebook
19.5%
I'm walking here! I'm walking here! Midnight Cowboy
56.3%
Taxi Driver
18.8%
Rain Man
12.7%
Tootsie
7.6%
The stuff that dreams are made of. The Maltese Falcon
50.1%
The Princess Bride
22.6%
The Matrix
8.7%
The Wizard of Oz
13.6%
Badges? We ain't got no badges! We don't need no badges! I don't have to show you any stinking badges! The Treasure of the Sierra Madre
49.2%
Once Upon the Time in the West
14.6%
Butch Cassidy and the Sundance Kid
25.9%
The Searchers
5.3%
Fasten your seatbelts. It's going to be a bumpy night. All About Eve
40.1%
Sunset Boulevard
15.6%
The Maltese Falcon
9.3%
Die Hard
30.2%
I want to be alone. Grand Hotel
38.4%
Ninotchka
17.8%
Against All Odds
13.9%
Citizen Kane
24.8%
Made it, Ma! Top of the world! White Heat
36.4%
Little Caesar
24.7%
Goodfellas
29%
The Godfather
5%
You know how to whistle, don't you, Steve? You just put your lips together and blow. To Have and Have Not
34.4%
The Maltese Falcon
20.1%
Key Largo
18.5%
The African Queen
21.8%
Oh, Jerry, don't let's ask for the moon. We have the stars. Now, Voyager
30.8%
All About Eve
34.8%
Mildred Pierce
19.7%
Dark Victory
9.3%
Go ahead, make my day. Sudden Impact
20.1%
Dirty Harry
71%
In the Line of Fire
1.2%
Gran Torino
3.3%

You're not logged in!

Compare scores with friends on all Sporcle quizzes.
OR
Log In

Sporcle TV

Today on Sporcle TV


Watch our educational content, quiz creation guides, and fun videos on Sporcle TV.

Show Comments

Extras

Top Quizzes Today


Score Distribution

Your Account Isn't Verified!

In order to create a playlist on Sporcle, you need to verify the email address you used during registration. Go to your Sporcle Settings to finish the process.

Report this User

Report this user for behavior that violates our Community Guidelines.

Details: